00540nam a2200157 i 4500001000300000100002200003245011900025260002100144700002200165700002100187040000800208041000800216080001900224008004100243856009800284bg1 aBLUMENFELD, L. A. 0aZastosowanie elektronowego rezonansu paramagnetycznego w chemii /cA. Blumenfeld, W.W. Wojewodski, A.G. Siemionow. aWarszawa,c1967.1 aWOJEWODSKI, W. W.1 aSIEMIONOW, A. G. cBPK apol a537.8:539.1:54 s pl f |000 0 pol  uhttp://koha.tu.koszalin.pl/cgi-bin/koha/opac-detail.pl?biblionumber=21033yKatalog online BPK